[Event "Piestany Slovakia op-A"]
[Site "Piestany"]
[Date "2025.07.08"]
[Round "1"]
[White "Kowalczyk, Rafal"]
[Black "Stary, Simon"]
[Result "1/2-1/2"]
[WhiteElo "2208"]
[BlackElo "2038"]
[PlyCount "135"]
[EventDate "2025.07.08"]
[EventType "swiss"]
[EventRounds "9"]
[EventCountry "SVK"]
[SourceTitle "CB29_2025"]
[SourceDate "2025.07.16"]
[SourceVersion "1"]
[SourceVersionDate "2025.07.16"]
[SourceQuality "1"]

1. e4 c5 2. c3 Nf6 3. e5 Nd5 4. Nf3 Nc6 5. d4 cxd4 6. Bc4 Nb6 7. Bb3 d5 8. exd6 e6 9. Nxd4 Nxd4 10. Qxd4 Qxd6 11. Be3 Bd7 12. Nd2 Bc6 13. 0-0 0-0-0 14. Nc4 Qxd4 15. Bxd4 Nxc4 16. Bxc4 b5 17. Bb3 Kb7 18. a4 b4 19. a5 bxc3 20. Bxc3 Bc5 21. Rfd1 a6 22. Bc4 h5 23. Kf1 h4 24. h3 Rc8 25. f3 f6 26. Bd4 Bxd4 27. Rxd4 e5 28. Rd6 Rhd8 29. Rad1 Rxd6 30. Rxd6 Rc7 31. Kf2 Rd7 32. Rxd7+ Bxd7 33. b4 g5 34. Ke3 Bc6 35. Bd3 Ka7 36. Kf2 Bd7 37. Ke3 Bc6 38. Kf2 Bd7 39. Ke3 Bc6 40. Bf5 Bb5 41. Kf2 Kb7 42. Bg6 Ka7 43. g3 Bd7 44. g4 Bb5 45. Ke3 Kb7 46. Bd3 Bd7 47. Ke4 Bc6+ 48. Ke3 Bd7 49. Be4+ Kc7 50. Bc2 Kb7 51. Bd3 Be8 52. Bc4 Bc6 53. Bd3 Bd7 54. Kd2 Ka7 55. Ke2 Kb7 56. Ke3 Be8 57. Bc4 Bc6 58. Be2 Ka7 59. Bd3 Be8 60. Be4 Bb5 61. Bd5 Kb8 62. Be4 Ka7 63. Kd2 Bf1 64. Ke1 Bb5 65. Kf2 Kb8 66. Ke3 Ka7 67. Bd3 Be8 68. Ke4 1/2-1/2

[Event "Polanica Zdroj op 60th"]
[Site "Polanica Zdroj"]
[Date "2024.08.24"]
[Round "8"]
[White "Iwanczuk, Krzysztof"]
[Black "Kowalczyk, Rafal"]
[Result "1/2-1/2"]
[WhiteElo "2023"]
[BlackElo "2183"]
[PlyCount "119"]
[EventDate "2024.08.17"]
[EventType "swiss"]
[EventRounds "9"]
[EventCountry "POL"]
[SourceTitle "CBM 221 Extra"]
[Source "ChessBase"]
[SourceDate "2024.09.30"]
[SourceVersion "1"]
[SourceVersionDate "2024.09.30"]
[SourceQuality "1"]

1. e4 e5 2. Nf3 Nc6 3. Bc4 Nf6 4. d3 h6 5. 0-0 d6 6. a4 g5 7. Nc3 Bg4 8. Be3 Bg7 9. h3 Be6 10. a5 a6 11. Bxe6 fxe6 12. d4 exd4 13. Nxd4 Qd7 14. Qe2 0-0-0 15. Rfd1 d5 16. Nb3 Qf7 17. Ra4 Nh5 18. exd5 exd5 19. Nxd5 Rxd5 20. Rxd5 Qxd5 21. Qxh5 Bxb2 22. Nc5 Bc3 23. Ra3 Qc4 24. Ra4 Qd5 25. Qg4+ Kb8 26. Ra3 Bb4 27. Rd3 Qa2 28. Nd7+ Ka8 29. c3 Qa1+ 30. Kh2 Bxc3 31. Qc4 Bxa5 32. Rb3 Rd8 33. Rxb7 Kxb7 34. Nc5+ Kb8 35. Qxa6 Qb2 36. Qxc6 Qe5+ 37. g3 Qd5 38. Qxh6 g4 39. h4 Bb6 40. Na6+ Kb7 41. Bxb6 cxb6 42. Nb4 Qd4 43. Qf4 Qxf4 44. gxf4 Rd4 45. Nc2 Rxf4 46. Kg3 Rf3+ 47. Kxg4 Rxf2 48. Ne3 Kc6 49. h5 Kd6 50. Nc4+ Ke6 51. Nxb6 Rb2 52. Nc8 Rc2 53. Na7 Rc5 54. h6 Kf6 55. h7 Rc4+ 56. Kf3 Rh4 57. Nc6 Rxh7 58. Ke4 Rd7 59. Nd4 Rxd4+ 60. Kxd4 1/2-1/2

[Event "Polanica Zdroj op 60th"]
[Site "Polanica Zdroj"]
[Date "2024.08.22"]
[Round "6"]
[White "Mulawa, Cyprian"]
[Black "Kowalczyk, Rafal"]
[Result "1-0"]
[WhiteElo "2280"]
[BlackElo "2183"]
[PlyCount "105"]
[EventDate "2024.08.17"]
[EventType "swiss"]
[EventRounds "9"]
[EventCountry "POL"]
[SourceTitle "CBM 221 Extra"]
[Source "ChessBase"]
[SourceDate "2024.09.30"]
[SourceVersion "1"]
[SourceVersionDate "2024.09.30"]
[SourceQuality "1"]

1. c4 Nf6 2. Nf3 e6 3. Nc3 d5 4. e3 b6 5. b3 Bb7 6. Bb2 Be7 7. cxd5 exd5 8. d4 0-0 9. Bd3 Nbd7 10. 0-0 c5 11. Rc1 Rc8 12. Qe2 Ne4 13. Ba6 Qc7 14. dxc5 Bxa6 15. Qxa6 Ndxc5 16. Qe2 Qb7 17. Nd4 Bf6 18. Rfd1 Rfd8 19. Nb1 Ne6 20. Rxc8 Qxc8 21. Nf3 a6 22. Rc1 Qb7 23. Bxf6 Nxf6 24. Qb2 Rc8 25. Nc3 b5 26. Ne2 Ne4 27. Nfd4 Rxc1+ 28. Qxc1 Qc7 29. Qc6 Qxc6 30. Nxc6 Nc7 31. f3 Nf6 32. h4 h5 33. Kf2 Kf8 34. Kg3 Ke8 35. Kf4 Kd7 36. Ne5+ Ke7 37. Nd4 g6 38. Kg5 Nfe8 39. Nec6+ Kf8 40. Kh6 Nf6 41. Ne5 Ng8+ 42. Kh7 Nf6+ 43. Kh8 Nce8 44. Ndc6 Nd6 45. g4 g5 46. hxg5 h4 47. g6 h3 48. Nd7+ Nxd7 49. g7+ Ke8 50. g8Q+ Nf8 51. Kg7 Kd7 52. Nb8+ Ke6 53. Qxf8 1-0

[Event "Polanica Zdroj op 60th"]
[Site "Polanica Zdroj"]
[Date "2024.08.21"]
[Round "5"]
[White "Kowalczyk, Rafal"]
[Black "Li, Guohao"]
[Result "1-0"]
[WhiteElo "2183"]
[BlackElo "2363"]
[PlyCount "69"]
[EventDate "2024.08.17"]
[EventType "swiss"]
[EventRounds "9"]
[EventCountry "POL"]
[SourceTitle "CBM 221 Extra"]
[Source "ChessBase"]
[SourceDate "2024.09.30"]
[SourceVersion "1"]
[SourceVersionDate "2024.09.30"]
[SourceQuality "1"]

1. e4 c5 2. Nf3 d6 3. Bb5+ Nd7 4. a4 a6 5. Be2 Ngf6 6. Nc3 b6 7. d4 cxd4 8. Qxd4 Bb7 9. 0-0 e6 10. Rd1 Qc7 11. Nd2 d5 12. exd5 Bc5 13. Qh4 Nxd5 14. Nde4 Be7 15. Bg5 Nxc3 16. Nxc3 Nf6 17. Rd3 h6 18. Rad1 Rc8 19. Bf4 e5 20. Bg5 e4 21. Rg3 Qc6 22. Bg4 Rd8 23. Re1 Rd4 24. Bf5 Rc4 25. Qh3 Kf8 26. Bxf6 Qxf6 27. Bxe4 Bc8 28. Qh5 Be6 29. Bd5 Rh4 30. Qe2 Bd6 31. Bxe6 fxe6 32. Rf3 Bxh2+ 33. Kf1 Rf4 34. Nd5 Qh4 35. Qxe6 1-0

[Event "Wroclaw op-A"]
[Site "Wroclaw"]
[Date "2024.08.08"]
[Round "1"]
[White "Zabron, Maksym"]
[Black "Kowalczyk, Rafal"]
[Result "0-1"]
[WhiteElo "2013"]
[BlackElo "2183"]
[PlyCount "98"]
[EventDate "2024.08.08"]
[EventType "swiss"]
[EventRounds "9"]
[EventCountry "POL"]
[SourceTitle "EXT 2025"]
[Source "ChessBase"]
[SourceDate "2024.10.14"]
[SourceVersion "1"]
[SourceVersionDate "2024.10.14"]
[SourceQuality "1"]

1. d4 d5 2. c4 dxc4 3. e3 Nf6 4. Bxc4 e6 5. Nf3 c5 6. 0-0 a6 7. a4 Nc6 8. Nc3 Be7 9. Qe2 0-0 10. Rd1 cxd4 11. exd4 Nb4 12. Bf4 Nfd5 13. Bg3 b6 14. Rac1 Bb7 15. h4 h6 16. h5 Rc8 17. Re1 Nxc3 18. bxc3 Bxf3 19. gxf3 Nd5 20. Qd3 Ba3 21. Bxa6 Nb4 22. cxb4 Rxc1 23. Rxc1 Bxc1 24. Qc3 Qg5 25. Qc7 Bb2 26. Qxb6 Rd8 27. Bf1 Qxg3+ 28. fxg3 Bxd4+ 29. Qxd4 Rxd4 30. Kf2 Rxb4 31. a5 Kf8 32. Ke3 Ke7 33. a6 Kd6 34. f4 Ra4 35. Bd3 e5 36. fxe5+ Kxe5 37. Be2 Ra3+ 38. Kf2 g6 39. hxg6 fxg6 40. Bb5 h5 41. Kg2 Kf5 42. Bd7+ Kg5 43. Bc8 h4 44. gxh4+ Kxh4 45. Bb7 g5 46. Kf2 g4 47. Kg2 Ra2+ 48. Kg1 Kg3 49. Kf1 Kh2 0-1

[Event "Warsaw Najdorf Memorial op-A"]
[Site "Warsaw"]
[Date "2024.07.16"]
[Round "8"]
[White "Dzida, Kamil"]
[Black "Kowalczyk, Rafal"]
[Result "1-0"]
[WhiteElo "2385"]
[BlackElo "2185"]
[PlyCount "93"]
[EventDate "2024.07.09"]
[EventType "swiss"]
[EventRounds "9"]
[EventCountry "POL"]
[SourceTitle "EXT 2025"]
[Source "ChessBase"]
[SourceDate "2024.10.14"]
[SourceVersion "1"]
[SourceVersionDate "2024.10.14"]
[SourceQuality "1"]

1. e4 e5 2. Nf3 Nc6 3. Bb5 a6 4. Ba4 Nf6 5. 0-0 Be7 6. d3 d6 7. Bd2 0-0 8. h3 Nd7 9. c3 Nc5 10. Bc2 f5 11. b4 fxe4 12. dxe4 Ne6 13. a4 Qe8 14. Na3 Nf4 15. Bxf4 exf4 16. Nc4 Be6 17. Bb3 Qf7 18. Ncd2 Bf6 19. Bxe6 Qxe6 20. Rc1 Rad8 21. Re1 Rfe8 22. a5 Qf7 23. Qa4 Ne5 24. Nxe5 Rxe5 25. Nf3 Rh5 26. c4 c6 27. c5 dxc5 28. e5 Be7 29. bxc5 Rd5 30. Qb4 Bf8 31. e6 Qe7 32. Rb1 Rh6 33. Qxb7 Rxe6 34. Rxe6 Qxe6 35. Qxa6 Bxc5 36. Qa8+ Kf7 37. Qb7+ Kg6 38. Re1 Qd6 39. a6 Rd1 40. Ne5+ Kh6 41. Nf7+ Kh5 42. Nxd6 Rxe1+ 43. Kh2 Bxf2 44. Qf7+ g6 45. g4+ Kg5 46. Kg2 Bg3 47. Qc4 1-0

[Event "Warsaw Najdorf Memorial op-A"]
[Site "Warsaw"]
[Date "2024.07.11"]
[Round "3"]
[White "Sengupta, Deep"]
[Black "Kowalczyk, Rafal"]
[Result "1-0"]
[WhiteElo "2491"]
[BlackElo "2185"]
[PlyCount "99"]
[EventDate "2024.07.09"]
[EventType "swiss"]
[EventRounds "9"]
[EventCountry "POL"]
[SourceTitle "EXT 2025"]
[Source "ChessBase"]
[SourceDate "2024.10.14"]
[SourceVersion "1"]
[SourceVersionDate "2024.10.14"]
[SourceQuality "1"]

1. e4 e5 2. Nf3 Nc6 3. Bc4 Bc5 4. c3 Nf6 5. d4 exd4 6. e5 d5 7. Bb5 Ne4 8. cxd4 Bb6 9. Nc3 0-0 10. Be3 Bg4 11. h3 Bh5 12. Qc2 Bg6 13. Qb3 Ne7 14. 0-0 c6 15. Bd3 Nd2 16. Nxd2 Bxd3 17. Rfe1 Bg6 18. Na4 Nf5 19. Nxb6 axb6 20. f4 h5 21. Bf2 h4 22. Nf3 Re8 23. Ng5 b5 24. Qd1 f6 25. Nf3 Bh5 26. Qd3 Bxf3 27. Qxf5 Be4 28. Qh5 fxe5 29. dxe5 Rf8 30. Bxh4 Qd7 31. Bg5 Qe6 32. a3 c5 33. Rac1 b6 34. Qe2 Qg6 35. Rc3 Qc6 36. Rg3 Ra4 37. Bf6 Rxf6 38. exf6 Qxf6 39. Qxb5 Ra8 40. Rxe4 dxe4 41. Qc4+ Kh8 42. Qxe4 Rf8 43. Qe5 Qf7 44. Rg4 Rd8 45. Kh2 Kh7 46. Qe4+ Kg8 47. Qc6 Rb8 48. Qd6 Qe8 49. Qc7 Qf8 50. Rxg7+ 1-0

[Event "Wroclaw Anderssen Memorial op-A"]
[Site "Wroclaw"]
[Date "2023.08.11"]
[Round "7"]
[White "Kowalczyk, Rafal"]
[Black "Kukula, Karol"]
[Result "1-0"]
[WhiteElo "2171"]
[BlackElo "1939"]
[PlyCount "82"]
[EventDate "2023.08.06"]
[EventType "swiss"]
[EventRounds "9"]
[EventCountry "POL"]
[SourceTitle "CBM 215 Extra"]
[Source "ChessBase"]
[SourceDate "2023.09.30"]
[SourceVersion "1"]
[SourceVersionDate "2023.09.30"]
[SourceQuality "1"]

1. e4 e5 2. Nf3 Nf6 3. Nxe5 d6 4. Nf3 Nxe4 5. c4 d5 6. Nc3 Nxc3 7. dxc3 c6 8. cxd5 Qxd5 9. Qxd5 cxd5 10. Be3 Nc6 11. 0-0-0 Be6 12. Nd4 Bc5 13. Bb5 Bxd4 14. Bxd4 a6 15. Ba4 b5 16. Bb3 0-0 17. Rhe1 Rac8 18. Bb6 b4 19. Re3 bxc3 20. Rxc3 d4 21. Bxd4 Bxb3 22. axb3 Rfd8 23. Bc5 Rxd1+ 24. Kxd1 f6 25. b4 Ne5 26. Kc2 Kf7 27. Kb3 Ke6 28. f4 Nc6 29. Kc4 Rd8 30. Ra3 Rd2 31. Rxa6 Kd7 32. Kb5 Nd4+ 33. Bxd4 Rxd4 34. Ra7+ Kd6 35. Rxg7 Rxf4 36. Rxh7 Rf2 37. Rg7 Rxb2 38. h4 Rb1 39. Rg3 Rb2 40. h5 Re2 41. h6 Kd5 1-0

[Event "Bydgoszcz op-A"]
[Site "Bydgoszcz"]
[Date "2023.06.24"]
[Round "1"]
[White "Kowalczyk, Rafal"]
[Black "Czarnota, Pawel"]
[Result "0-1"]
[WhiteElo "2173"]
[BlackElo "2502"]
[PlyCount "92"]
[EventDate "2023.06.24"]
[EventType "swiss"]
[EventRounds "9"]
[EventCountry "POL"]
[SourceTitle "CBM 215 Extra"]
[Source "ChessBase"]
[SourceDate "2023.09.30"]
[SourceVersion "1"]
[SourceVersionDate "2023.09.30"]
[SourceQuality "1"]

1. e4 c5 2. c3 d5 3. exd5 Qxd5 4. d4 Nf6 5. Na3 a6 6. dxc5 Qxc5 7. Nc4 Nbd7 8. a4 b6 9. Nf3 Bb7 10. Bf4 Rd8 11. Qe2 e6 12. Nd4 Be7 13. Rd1 Nd5 14. Bg3 0-0 15. Qc2 N7f6 16. Bd3 b5 17. axb5 axb5 18. Na5 Nb4 19. cxb4 Qxb4+ 20. Qc3 Rc8 21. Qd2 Be4 22. Nc2 Rxc2 23. Bxc2 Bxc2 24. Ra1 Qe4+ 25. Kf1 Ra8 26. f3 Bd3+ 27. Kg1 Qd5 28. Bf2 Rc8 29. Rc1 Rxc1+ 30. Qxc1 h6 31. Nc6 Bd6 32. Qc3 Bc4 33. Nb4 Qd1+ 34. Qe1 Qxe1+ 35. Bxe1 Bc5+ 36. Bf2 Bxb4 37. Bd4 e5 38. Ba7 Nd5 39. Kf2 f5 40. Ra1 Kf7 41. Ra6 Bd2 42. Bc5 Bc1 43. Ra7+ Kg8 44. b4 Bd2 45. Ra8+ Kh7 46. Re8 Bxb4 0-1

[Event "Suwalki Warakomska Memorial 6th"]
[Site "Suwalki"]
[Date "2022.08.08"]
[Round "7"]
[White "Janeczko, Jakub"]
[Black "Kowalczyk, Rafal"]
[Result "1/2-1/2"]
[WhiteElo "2114"]
[BlackElo "2239"]
[PlyCount "68"]
[EventDate "2022.08.03"]
[EventType "swiss"]
[EventRounds "9"]
[EventCountry "POL"]
[SourceTitle "CBM 209 Extra"]
[Source "ChessBase"]
[SourceDate "2022.09.30"]
[SourceVersion "1"]
[SourceVersionDate "2022.09.30"]
[SourceQuality "1"]

1. e4 e5 2. Nf3 Nc6 3. Nc3 Nf6 4. d4 exd4 5. Nxd4 Bb4 6. Nxc6 bxc6 7. Bd3 d5 8. exd5 cxd5 9. 0-0 0-0 10. h3 c6 11. Qf3 h6 12. Bf4 Bd6 13. Rfd1 Rb8 14. b3 Rb4 15. Ne2 Bxf4 16. Nxf4 Qd6 17. c4 d4 18. c5 Qxc5 19. Rac1 Qg5 20. Qxc6 Qxf4 21. Qxc8 Rb6 22. Qc7 Nd5 23. Qxa7 Rf6 24. Rc2 Rd8 25. Re1 Nb4 26. Qd7 Qb8 27. Rce2 Nxd3 28. Re8+ Kh7 29. Rxd8 Qf4 30. Ree8 Qxf2+ 31. Kh2 Qf4+ 32. Kg1 Qf2+ 33. Kh2 Qf4+ 34. Kg1 Qf2+ 1/2-1/2

[Event "Suwalki Warakomska Memorial 6th"]
[Site "Suwalki"]
[Date "2022.08.05"]
[Round "3"]
[White "Backiel, Hubert"]
[Black "Kowalczyk, Rafal"]
[Result "0-1"]
[WhiteElo "2127"]
[BlackElo "2239"]
[PlyCount "178"]
[EventDate "2022.08.03"]
[EventType "swiss"]
[EventRounds "9"]
[EventCountry "POL"]
[SourceTitle "CBM 209 Extra"]
[Source "ChessBase"]
[SourceDate "2022.09.30"]
[SourceVersion "1"]
[SourceVersionDate "2022.09.30"]
[SourceQuality "1"]

1. Nf3 d5 2. b3 Nf6 3. Bb2 Bf5 4. g3 e6 5. Bg2 Bd6 6. 0-0 c5 7. d3 Nc6 8. Nbd2 0-0 9. Re1 e5 10. e4 dxe4 11. Nxe4 Nxe4 12. dxe4 Be6 13. Qd2 f6 14. Rad1 Be7 15. Qc3 Qe8 16. Nh4 g6 17. f4 c4 18. Qe3 Rc8 19. Kh1 Nb4 20. Qe2 Nxa2 21. f5 Bf7 22. fxg6 hxg6 23. Qg4 c3 24. Bc1 Nxc1 25. Rxc1 Kh7 26. Rcd1 Rd8 27. Rxd8 Bxd8 28. Rd1 Be6 29. Nf5 Rh8 30. Bf3 b5 31. Rd6 gxf5 32. exf5 Bf7 33. Bc6 Qf8 34. Rd7 Be7 35. Qh4+ Kg8 36. Qg4+ Kh7 37. Qh4+ Kg8 38. Qg4+ Kh7 39. Qh4+ Qh6 40. Qxh6+ Kxh6 41. Rxe7 Bxb3 42. Be4 Bc4 43. Rxa7 Rd8 44. Kg2 Rd2+ 45. Kf3 Bf1 46. Rf7 Bg2+ 47. Ke3 Bxe4 48. Kxe4 Rd4+ 49. Ke3 Kg5 50. h4+ Kxf5 51. h5 Rd2 52. Rb7 Rxc2 53. Rxb5 Kg4 54. Rb6 f5 55. h6 Rh2 56. Rg6+ Kh5 57. Rc6 c2 58. h7 Kg5 59. Rxc2 Rxh7 60. Rc8 Ra7 61. Rg8+ Kf6 62. Rf8+ Ke6 63. Re8+ Re7 64. Rf8 Rg7 65. Re8+ Kd6 66. Kf3 Ra7 67. Rf8 Ra3+ 68. Kf2 Ke6 69. Re8+ Kd5 70. Rb8 Ra2+ 71. Ke3 Ra3+ 72. Kf2 Ke4 73. Rb4+ Kd3 74. Rb2 Rc3 75. Rb5 Rc2+ 76. Kf1 Ke4 77. Ke1 Ra2 78. Rb3 Rc2 79. Ra3 Kd4 80. Rf3 Ke4 81. Ra3 Kd5 82. Ra5+ Kd4 83. Ra3 Rc3 84. Ra4+ Ke3 85. Kd1 Kf3 86. Kd2 Re3 87. Ra5 Re2+ 88. Kd1 Re4 89. Ra3+ Re3 0-1

[Event "Suwalki Warakomska Memorial 6th"]
[Site "Suwalki"]
[Date "2022.08.04"]
[Round "2"]
[White "Kowalczyk, Rafal"]
[Black "Soham, Datar"]
[Result "1/2-1/2"]
[WhiteElo "2239"]
[BlackElo "2113"]
[PlyCount "87"]
[EventDate "2022.08.03"]
[EventType "swiss"]
[EventRounds "9"]
[EventCountry "POL"]
[SourceTitle "CBM 209 Extra"]
[Source "ChessBase"]
[SourceDate "2022.09.30"]
[SourceVersion "1"]
[SourceVersionDate "2022.09.30"]
[SourceQuality "1"]

1. e4 c5 2. Nf3 d6 3. d4 cxd4 4. Nxd4 Nf6 5. Nc3 a6 6. Bg5 e6 7. f4 Be7 8. Qf3 h6 9. Bh4 g5 10. fxg5 Nfd7 11. Nxe6 fxe6 12. Qh5+ Kf8 13. Bb5 Rh7 14. Qg6 Rf7 15. Qxh6+ Kg8 16. Qg6+ Rg7 17. Qxe6+ Kh8 18. Bxd7 Nxd7 19. Qd5 Ne5 20. 0-0-0 Bg4 21. Rd2 Rc8 22. Kb1 Nc4 23. Rd4 Rc5 24. Qxc5 dxc5 25. Rxd8+ Bxd8 26. h3 Be6 27. b3 Ba5 28. Be1 Ne3 29. Na4 Bxe1 30. Rxe1 Nxg2 31. Rg1 Rxg5 32. h4 Rg8 33. Nxc5 Bc8 34. Kb2 Nxh4 35. Rxg8+ Kxg8 36. Kc3 Nf3 37. Kb4 Ne5 38. Ka5 Nd7 39. Na4 b5 40. Nb6 Nxb6 41. Kxb6 Kf7 42. Kc7 Bg4 43. Kb6 Bc8 44. Kc7 1/2-1/2

[Event "EU-ch Blitz"]
[Site "Katowice"]
[Date "2021.12.17"]
[Round "12"]
[White "Kowalczyk, Rafal"]
[Black "Cukrowski, Filip"]
[Result "1-0"]
[WhiteElo "2235"]
[BlackElo "2367"]
[PlyCount "51"]
[EventDate "2021.12.17"]
[EventType "swiss (blitz)"]
[EventRounds "22"]
[EventCountry "POL"]
[SourceTitle "CBM 205 Extra"]
[Source "ChessBase"]
[SourceDate "2022.01.31"]
[SourceVersion "1"]
[SourceVersionDate "2022.01.31"]
[SourceQuality "1"]

1. e4 c6 2. d4 d5 3. Nc3 dxe4 4. Nxe4 Nf6 5. Nxf6+ exf6 6. c3 Bd6 7. Bd3 0-0 8. Qc2 Re8+ 9. Ne2 h5 10. 0-0 Nd7 11. Ng3 Bxg3 12. fxg3 Nf8 13. Bd2 Bg4 14. Rae1 Qd7 15. Be4 Be6 16. b3 Rad8 17. Be3 Re7 18. Bf3 Bg4 19. Bf2 Rde8 20. Rxe7 Rxe7 21. c4 Bxf3 22. gxf3 Ne6 23. Qf5 Nxd4 24. Qxh5 g6 25. Qg4 f5 26. Qxd4 1-0